000 01178cam a22002294a 4500
005 20250605164047.0
008 250528s ||||||||||||||||||||||||d
035 _a17147
020 _a534916589
040 _aGR-AtMCL
_bgre
_dGR-AtMCL
_eAACR2
245 1 _aStatistics for Management and Economics / Sixth Edition
250 _a6th
260 _bPws-Kent Publishing Company,
_c1989
300 _a1120
520 _aWhat is Statistics?, Describing Sets of Measurements, Probability, Random Variables and Probability Distributions, Three Useful Probability Distributions, The Normal and Other Continuous Probability Distributions, Sampling and Sampling Distributions, Large-Sample Statistical Inference, Inferences from Small Samples, The Analysis of Variance, Linear Regression and Correlation, Multiple Linear Regression, Elements of Time Series Analysis, Forecasting Models, Quality Control, Analysis of Enumerative Data, Nonparametric Statistics, Decision Analysis, Appendix Tables, Glossary, Index.
700 1 _aBeaver Robert
_93295
700 1 _aMendenhall William
_93268
700 1 _aReinmuth James E
_93296
942 _cBK
999 _c2586
_d2586